000 00295nam a22001337a 4500
008 180823b xxu||||| |||| 00| 0 eng d
020 _a9780534362744
041 _aeng
080 _25 ED
_a547
100 _a12
101 _aKIM
245 _aORGANIC CHEMISTRY
_cMCMURRY.J
942 _2udc
_cBK
999 _c47269
_d47269